| 000 | 04297nam a22007095i 4500 | ||
|---|---|---|---|
| 005 | 20230718140416.0 | ||
| 006 | m|||||o||d|||||||| | ||
| 007 | cr || |||||||| | ||
| 008 | 220629t20182018cau fo d z eng d | ||
| 010 | _a2018030657 | ||
| 020 | _a9780520972506 | ||
| 040 |
_aDE-B1597 _beng _cDE-B1597 _erda |
||
| 041 | 0 | _aeng | |
| 050 | 0 | 0 |
_aKPA2467.W65 _bL56 2019 |
| 050 | 4 |
_aKPA2467.W65 _bL56 2019 |
|
| 082 | 0 | 4 |
_a346.51901/509041 _223 |
| 100 | 1 |
_aLim, Sungyun, _eauthor. _4aut _4http://id.loc.gov/vocabulary/relators/aut |
|
| 245 | 1 | 0 |
_aRules of the House : _bFamily Law and Domestic Disputes in Colonial Korea / _cSungyun Lim. |
| 264 | 1 |
_aBerkeley, CA : _bUniversity of California Press, _c[2018] |
|
| 264 | 4 | _c©2018 | |
| 300 | _a1 online resource (188 p.) | ||
| 336 |
_atext _btxt _2rdacontent |
||
| 337 |
_acomputer _bc _2rdamedia |
||
| 338 |
_aonline resource _bcr _2rdacarrier |
||
| 347 |
_atext file _bPDF _2rda |
||
| 490 | 0 |
_aGlobal Korea ; _v2 |
|
| 505 | 0 | 0 |
_tFrontmatter -- _tContents -- _tIllustrations -- _tAcknowledgments -- _tIntroduction -- _t1. Widows on the Margins of the Family -- _t2. Widowed Household Heads and the New Boundary of the Family -- _t3. Arguing for Daughters' Inheritance Rights -- _t4. Conjugal Love and Conjugal Family on Trial -- _t5. Consolidating the Household across the 1945 Divide -- _tConclusion -- _tChronology -- _tGlossary -- _tNotes -- _tBibliography -- _tIndex |
| 506 | 0 |
_funrestricted online access _2star |
|
| 520 | _aA free ebook version of this title is available through Luminos, University of California Press's Open Access publishing program for monographs. Visit www.luminosoa.org to learn more.Rules of the House offers a dynamic revisionist account of the Japanese colonial rule of Korea (1910-1945) by examining the roles of women in the civil courts. Challenging the dominant view that women were victimized by the Japanese family laws and its patriarchal biases, Sungyun Lim argues that Korean women had to struggle equally against Korean patriarchal interests. Moreover, women were not passive victims; instead, they proactively struggled to expand their rights by participating in the Japanese colonial legal system. In turn, the Japanese doctrine of promoting progressive legal rights would prove advantageous to them. Following female plaintiffs and their civil disputes from the precolonial Choson dynasty through colonial times and into postcolonial reforms, this book presents a new and groundbreaking story about Korean women's legal struggles, revealing their surprising collaborative relationship with the colonial state. | ||
| 538 | _aMode of access: Internet via World Wide Web. | ||
| 540 |
_aThis eBook is made available Open Access under a CC BY-NC-ND 4.0 license: _uhttps://creativecommons.org/licenses/by-nc-nd/4.0 _uhttps://www.degruyter.com/dg/page/open-access-policy |
||
| 546 | _aIn English. | ||
| 588 | 0 | _aDescription based on online resource; title from PDF title page (publisher's Web site, viewed 29. Jun 2022) | |
| 650 | 0 |
_aDomestic relations _zKorea _y20th century. |
|
| 650 | 0 | _aDomestic relations. | |
| 650 | 0 |
_aWomen _xLegal status, laws, etc _zKorea _y20th century. |
|
| 650 | 0 |
_aWomen _xLegal status, laws, etc. _zKorea _y20th century. |
|
| 650 | 0 | _aWomen. | |
| 650 | 7 |
_aHISTORY / Asia / General. _2bisacsh |
|
| 653 | _acivil courts. | ||
| 653 | _acivilization. | ||
| 653 | _acolonial times. | ||
| 653 | _ajapan. | ||
| 653 | _ajapanese colonial legal system. | ||
| 653 | _ajapanese colonial rule of korea. | ||
| 653 | _ajapanese family laws. | ||
| 653 | _ajapanese motto. | ||
| 653 | _akorean women. | ||
| 653 | _akorean womens legal struggles. | ||
| 653 | _ameiji civil code. | ||
| 653 | _apassive victims. | ||
| 653 | _apatriarchal biases. | ||
| 653 | _apost colonial reforms. | ||
| 653 | _apre colonial chosen dynasty. | ||
| 653 | _apromoting progress. | ||
| 653 | _athrough the lens of women. | ||
| 653 | _avictimized women. | ||
| 856 | 4 | 0 |
_uhttps://doi.org/10.1515/9780520972506 _zOpen Access _70 |
| 856 | 4 | 0 |
_uhttps://www.degruyter.com/isbn/9780520972506 _zOpen Access _70 |
| 856 | 4 | 2 |
_3Cover _uhttps://www.degruyter.com/document/cover/isbn/9780520972506/original |
| 942 | _cE-BOOK | ||
| 999 |
_c71270 _d71269 |
||